MARC

LEADER 00000nam0a2200000 4500
001 60501
005 20231101211902.0
035 |a (RuTPU)RU\TPU\book\63986 
090 |a 60501 
100 |a 20040210d1968 m y0rusy50 ca 
101 0 |a rus 
102 |a RU 
105 |a a j 001zy 
200 1 |a Основные сведения о пожарах и методах борьбы с огнем  |e учебное пособие  |f В. И. Елгазин 
210 |a Томск  |c Изд-во ТПИ  |d 1968 
215 |a 65 с.  |c ил. 
320 |a Библиогр.: с. 64 
606 1 |a Пожары  |x Характер  |x Причины  |x Процесс  |2 stltpush  |3 (RuTPU)RU\TPU\subj\49958  |9 68718 
610 1 |a борьба 
610 1 |a методы 
610 1 |a огонь 
610 1 |a противопожарная техника 
610 1 |a противопожарные мероприятия 
610 1 |a противопожарная профилактика 
610 1 |a охрана труда 
610 1 |a классификация 
610 1 |a пожароопасность 
610 1 |a предупреждение 
610 1 |a противопожарное водоснабжение 
610 1 |a учебные пособия 
610 1 |a труды учёных ТПУ 
610 1 |a коллекция ТПУ 
675 |a 614.841(075.8)  |v 4 
700 1 |a Елгазин  |b В. И.  |c специалист в области электротехники  |c доцент Томского политехнического университета  |f 1925-  |g Виктор Иванович  |2 stltpush  |3 (RuTPU)RU\TPU\pers\27226  |9 12690 
801 1 |a RU  |b 63413507  |c 20040210  |g PSBO 
801 2 |a RU  |b 63413507  |c 20220929  |g PSBO 
942 |c BK